000 00468nam a2200169 4500
001 116815
003 ES-MaACL
005 20230906190756.0
007 t|
008 061121s1972 sp r ||||1| spa d
100 1 _aPena Cardenal, Carlos.
_990139
245 1 0 _aCómo organizar una regata /
_cCarlos Pena Cardenal.
250 _a1ª. ed.
260 _aBarcelona :
_bJuventud,
_c1972.
300 _a221 p. :
_bil. ;
_c18 cm.
852 _aES-MaACL
_jC-47673
_bR.81436
999 _c116815
_d116815